Estatísticas para The Weeknd albums

Clique aqui para jogar o quiz

Estatísticas Gerais

  • Esse quiz foi jogado 35 vezes
  • A pontuação média é 7 de 10

Estatísticas das Respostas

HintResposta% Correto
2016Starboy
100%
2020After Hours
85%
2022Dawn FM
85%
2015Beauty Behind the Madness
67%
2018My dear Melancholy
67%
2013Kissland
63%
2012Trilogy
63%
2011House of Ballons
59%
2011Thursday
44%
2011Echoes of Silence
33%

Distribuição das Pontuações

Percentil de Números Respondidos

Porcentagem de Pessoas com Cada Pontuação

Sua Pontuação Histórica

Você não jogou esse quiz